| 000 | 00427pab a2200145 454500 | ||
|---|---|---|---|
| 008 | 180718b xxu||||| |||| 00| 0 eng d | ||
| 100 | _aLai, On-Kwok | ||
| 245 | _aRegional policy and housing provision in China: a critical review on state planning (1949-1989) | ||
| 650 | _a Shelter | ||
| 650 | _a Housing | ||
| 650 | _aHousing - China | ||
| 700 | _aLai, Ting Kwok | ||
| 773 | _aGuru Nanak Journal of Sociology | ||
| 909 | _a23714 | ||
| 999 |
_c23714 _d23714 |
||